Apeirophobia - Level Quiz - Statistics

General Stats
  • This quiz has been taken 59 times
  • The average score is 13 of 28
Answer Stats
Picture Answer % Correct
Poolrooms
75%
The End?
69%
Lobby
66%
Warehouse
66%
Graveyard
63%
Mall
56%
Abyss
53%
Cave System
53%
Hospital
50%
Funrooms
47%
Windows
47%
Creative Minds
44%
Crumbling Memory
44%
Electrical Station
44%
Run For Your Life
44%
Train Station
44%
Left Scarred
41%
Ocean of the Final Frontier
41%
Party Mall
41%
Sewers
41%
Sublimity
41%
Abandoned Office
38%
Store
38%
Lights Out
34%
Level -66
31%
Level 666
28%
Neighborhood
28%
Developer Testing Place
13%
No matching quizzes found
Score Distribution
Percent of People with Each Score
Percentile by Number Answered
Your Score History
You have not taken this quiz